Human resource management and influences on employee behaviour (Record no. 76239)

MARC details
000 -LEADER
fixed length control field 00965nam a2200205 a 4500
008 - FIXED-LENGTH DATA ELEMENTS--GENERAL INFORMATION
fixed length control field 120416s1999 ||||||||||||||||| || u
020 ## - INTERNATIONAL STANDARD BOOK NUMBER
International Standard Book Number 8171695957
050 ## - LIBRARY OF CONGRESS CALL NUMBER
Classification number HF 5549 Bha
100 ## - MAIN ENTRY--PERSONAL NAME
Personal name Bhambra, A. S
245 10 - TITLE STATEMENT
Title Human resource management and influences on employee behaviour
260 ## - PUBLICATION, DISTRIBUTION, ETC.
Place of publication, distribution, etc. New Delhi
Name of publisher, distributor, etc. Commomwealth publishers
Date of publication, distribution, etc. 1999
300 ## - PHYSICAL DESCRIPTION
Extent 329 pages
350 ## -
-- 0.00
650 #0 - SUBJECT ADDED ENTRY--TOPICAL TERM
Topical term or geographic name entry element MANAGEMENT
650 ## - SUBJECT ADDED ENTRY--TOPICAL TERM
Topical term or geographic name entry element HUMAN RESOURCES MANAGEMENT
650 ## - SUBJECT ADDED ENTRY--TOPICAL TERM
Topical term or geographic name entry element EMPLOYEE BEHAVIOUR
995 ## -
-- MAIN LIBRARY OPEN ACCESS
-- 0.00
-- 44810
-- CBU-MAIN LIBRARY (Kitwe)
-- 3
-- 67.50
-- HF 5549 Bha
-- 1
-- AVAILABLE
-- 44810
-- Main Library Open Access Collection
995 ## -
-- ANNEX COLLECTION (Main Library)
-- 0.00
-- 732434
-- CBU-MAIN LIBRARY (Kitwe)
-- 2
-- 67.50
-- HF 5549 Bha
-- 3
-- AVAILABLE
-- 44809
-- Annex Low-Usage Collection
995 ## -
-- MAIN LIBRARY OPEN ACCESS
-- 0.00
-- 733588
-- CBU-MAIN LIBRARY (Kitwe)
-- 1
-- 67.50
-- HF 5549 Bha
-- 2
-- AVAILABLE
-- 44812
-- Main Library Open Access Collection
999 ## -
-- 76239
-- 76239
Holdings
Withdrawn status Lost status Source of classification or shelving scheme Damaged status Not for loan Permanent Location Current Location Shelving location Date acquired Total Checkouts Full call number Barcode Date last seen Copy number Price effective from Koha item type
          CBU-MAIN LIBRARY, KITWE. CBU-MAIN LIBRARY, KITWE.   04/25/2023   HF 5549 Bha 44810 04/25/2023 1 04/25/2023 MONOGRAPH
          CBU-MAIN LIBRARY, KITWE. CBU-MAIN LIBRARY, KITWE.   04/25/2023   HF 5549 Bha 44809 04/25/2023 2 04/25/2023 MONOGRAPH
          CBU-MAIN LIBRARY, KITWE. CBU-MAIN LIBRARY, KITWE.   04/25/2023   HF 5549 Bha 44812 04/25/2023 3 04/25/2023 MONOGRAPH